The new fiction: interviews with innovative American writers
Guardado en:
| Hovedforfatter: | |
|---|---|
| Format: | Bog |
| Sprog: | Undetermined |
| Udgivet: |
Illinois, Estados Unidos
Illini Books
1975
|
| Udgivelse: | 2 |
| Fag: | |
| Tags: |
Tilføj Tag
Ingen Tags, Vær først til at tagge denne postø!
|
MARC
| LEADER | 00000nam a2200000Ia 4500 | ||
|---|---|---|---|
| 008 | 170316s9999 xx 000 0 und d | ||
| 040 | |a cru BVZT | ||
| 090 | |a C-810 B-1n | ||
| 100 | |a Bellamy, Joe David | ||
| 245 | 4 | |a The new fiction: interviews with innovative American writers | |
| 250 | |a 2 | ||
| 260 | |a Illinois, Estados Unidos | ||
| 260 | |b Illini Books | ||
| 260 | |c 1975 | ||
| 300 | |a 207 páginas | ||
| 650 | |a LITERATURA ESTADOUNIDENSE | ||
| 650 | |a CRÍTICA | ||
| 999 | |c 12830 |d 12830 | ||
| 942 | |c 15 D |h C-810 B-1n |2 z | ||
